[Event "SF Katernberg 2 - SK Münster 1"]
[Site "NRW-Klasse, Gruppe 1 2016/201"]
[Date "2016.10.23"]
[Round "2.1"]
[White "Muschik, Benedikt"]
[Black "Wessendorf, Thomas"]
[Result "0-1"]
[WhiteElo "2275"]
[BlackElo "2218"]
[PlyCount "54"]
[EventDate "2016.??.??"]
[WhiteTeam "SK Münster 1"]
[BlackTeam "SF Katernberg 2"]

1. d4 c5 2. c3 Qa5 3. Nd2 cxd4 4. Nb3 Qc7 5. cxd4 d5 6. g3 Nc6 7. Bg2 Nf6 8.
Nf3 Bf5 9. Nh4 Be4 10. f3 Bg6 11. O-O e6 12. Bf4 Qb6 13. Rc1 a5 14. Nxg6 hxg6
15. Qd2 Bb4 16. Qe3 a4 17. Nc5 Bxc5 18. dxc5 Qxb2 19. Rb1 Qxa2 20. Bd6 Ra7 21.
Rb6 Qc4 22. Rfb1 a3 23. Rxc6 bxc6 24. Rb8+ Kd7 25. Rxh8 d4 26. Qe5 a2 27. Be7
Qc1+ 0-1

[Event "SF Katernberg 2 - SK Münster 1"]
[Site "NRW-Klasse, Gruppe 1 2016/201"]
[Date "2016.10.23"]
[Round "2.2"]
[White "Rosen, Bernd"]
[Black "Webb, Laurence"]
[Result "0-1"]
[WhiteElo "2216"]
[BlackElo "2264"]
[PlyCount "80"]
[EventDate "2016.??.??"]
[WhiteTeam "SF Katernberg 2"]
[BlackTeam "SK Münster 1"]

1. c4 e5 2. g3 Nc6 3. Nc3 f5 4. Nf3 Nf6 5. d4 e4 6. Nh4 g6 7. Bg5 Bg7 8. Qd2
O-O 9. Ng2 Ne7 10. Nf4 h6 11. Bxf6 Rxf6 12. e3 d6 13. Be2 c6 14. Qc2 Be6 15.
Qb3 Qb6 16. O-O Bf7 17. Qxb6 axb6 18. b3 Rd8 19. Rac1 Kf8 20. Rfd1 Ke8 21. d5
Kd7 22. b4 Kc7 23. a4 g5 24. Ng2 Ng6 25. g4 f4 26. Nxe4 f3 27. Bf1 fxg2 28.
Bxg2 Ne5 29. Nxf6 Bxf6 30. h3 c5 31. Be4 Ra8 32. a5 cxb4 33. axb6+ Kxb6 34. Kg2
Kc5 35. f4 Nxc4 36. Kg3 b5 37. fxg5 hxg5 38. Kf3 b3 39. Bb1 b2 40. Rc2 Bxd5+
0-1

[Event "SF Katernberg 2 - SK Münster 1"]
[Site "NRW-Klasse, Gruppe 1 2016/201"]
[Date "2016.10.23"]
[Round "2.3"]
[White "Holtel, Jasper"]
[Black "Bee, Marcus"]
[Result "1-0"]
[WhiteElo "2188"]
[BlackElo "2117"]
[Annotator "Hausrath,Daniel"]
[PlyCount "97"]
[EventDate "2016.??.??"]
[WhiteTeam "SK Münster 1"]
[BlackTeam "SF Katernberg 2"]

1. e4 e6 2. d4 d5 3. Nd2 Be7 4. Bd3 c5 5. dxc5 Nf6 6. Qe2 O-O 7. Ngf3 a5 8. O-O
Na6 9. e5 Nd7 10. c4 Naxc5 11. Bc2 Nb6 12. Rd1 Bd7 13. cxd5 exd5 14. Nd4 Re8
15. f4 Ne6 16. N2f3 Bc5 17. Kh1 Nxd4 18. Nxd4 Qh4 19. Nf5 Bxf5 20. Bxf5 Qf2 21.
Qxf2 Bxf2 22. b3 a4 23. Ba3 axb3 24. axb3 g5 $11 25. g3 Be3 26. Bb2 gxf4 27.
gxf4 Rxa1 28. Rxa1 Ra8 29. Rxa8+ Nxa8 30. e6 Kf8 31. exf7 Kxf7 32. Be5 Nb6 33.
Kg2 h6 34. Kf3 Bg1 35. h3 Bc5 36. Bg4 Be7 37. Bd4 Na8 38. Bc8 b5 39. f5 Kf8 40.
Kg4 Nc7 41. f6 Bd6 42. Kf5 b4 43. Bd7 Kf7 44. Bc6 h5 45. Bd7 h4 46. Bc6 Bg3 47.
Bc5 Bh2 48. Bxb4 d4 49. Bf3 1-0

[Event "SF Katernberg 2 - SK Münster 1"]
[Site "NRW-Klasse, Gruppe 1 2016/201"]
[Date "2016.10.23"]
[Round "2.4"]
[White "Gassmann, Volker"]
[Black "Wolter, Kai"]
[Result "1/2-1/2"]
[WhiteElo "2117"]
[BlackElo "2224"]
[Annotator "Hausrath,Daniel"]
[PlyCount "174"]
[EventDate "2016.??.??"]
[WhiteTeam "SF Katernberg 2"]
[BlackTeam "SK Münster 1"]

1. d4 Nf6 2. c4 g6 3. Nf3 Bg7 4. g3 O-O 5. Bg2 d6 6. O-O Nc6 7. Nc3 a6 8. b3
Rb8 9. Nd5 e6 10. Nxf6+ Qxf6 11. Bg5 Qf5 12. Qd2 Nxd4 13. Nxd4 Bxd4 14. Qxd4
Qxg5 15. Qa7 Bd7 16. Bxb7 a5 17. Bf3 Qc5 18. Qxc5 dxc5 19. Rfd1 Rfd8 20. Rd3
Kf8 21. Re3 f6 22. Rd1 Rb6 23. Kf1 Rd6 24. Ke1 Be8 25. Rxd6 Rxd6 26. h4 h6 27.
Bg4 e5 28. Bf3 g5 29. hxg5 hxg5 30. Be4 Bd7 31. Bd3 Rd4 32. Bc2 Ke7 33. Rc3 Bg4
34. f3 Be6 35. g4 Rd8 36. Kf2 Rh8 37. Kg2 Rd8 $11 38. Bd3 Rh8 39. Rc1 Rh4 40.
Rd1 Rh8 41. Kf2 a4 42. Bc2 axb3 43. axb3 Ra8 44. Rh1 Ra2 45. Bf5 Bg8 46. Rd1
Be6 47. Bxe6 Kxe6 48. Rd5 c6 49. Rd8 Rb2 50. Rb8 Rd2 51. Ke3 Rd4 52. Ra8 Ke7
53. Ra6 Kd7 54. Ra7+ Ke6 55. Ra1 Ke7 56. Ra2 Rd1 57. Ra5 Rb1 58. Ke4 Rxb3 59.
Kf5 Rb4 60. Ra7+ Kd6 61. Rf7 Rxc4 62. Rxf6+ Kd5 63. Kxg5 Rc2 64. e4+ Kd4 65.
Kf5 c4 66. Rxc6 c3 67. Rd6+ Ke3 68. g5 Rg2 69. Rc6 c2 70. g6 Kd2 71. Rd6+ Ke1
72. Rc6 Kd2 73. Rd6+ Ke3 74. Rc6 Kd2 75. Rc5 c1=Q 76. Rxc1 Kxc1 77. Kxe5 Rxg6
78. f4 Kd2 79. f5 Ra6 80. Kf4 Kd3 81. e5 Kd4 82. e6 Kd5 83. Kg5 Ke5 84. e7 Ra8
85. Kg6 Kd6 86. f6 Ke6 87. Kg7 Re8 1/2-1/2

[Event "SF Katernberg 2 - SK Münster 1"]
[Site "NRW-Klasse, Gruppe 1 2016/201"]
[Date "2016.10.23"]
[Round "2.5"]
[White "Chilla, Jan Eric"]
[Black "Kaeding, Rainer"]
[Result "1-0"]
[WhiteElo "2197"]
[BlackElo "2117"]
[PlyCount "81"]
[EventDate "2016.??.??"]
[WhiteTeam "SK Münster 1"]
[BlackTeam "SF Katernberg 2"]

1. Nf3 d5 2. c4 c6 3. e3 Bg4 4. Qb3 Qc7 5. cxd5 Bxf3 6. gxf3 cxd5 7. Nc3 e6 8.
d4 Nc6 9. Bd2 Nf6 10. f4 g6 11. O-O-O a6 12. Kb1 Nd7 13. Rc1 Be7 14. Be2 Qb6
15. Qd1 Rc8 16. h4 h5 17. f5 gxf5 18. Bxh5 Nf6 19. Be2 Ne4 20. Nxe4 fxe4 21. h5
Bf6 22. Qa4 Kd7 23. Rc2 Rc7 24. Rhc1 Rhc8 25. Rc5 Kd8 26. h6 Qa7 27. h7 b5 28.
Bxb5 axb5 29. Qxa7 Rxa7 30. Rxc6 Rca8 31. a3 Kd7 32. Rb6 Rh8 33. Rh1 Bd8 34.
Rxb5 f6 35. Ka2 Ke8 36. Rb8 Rhxh7 37. Rxh7 Rxh7 38. Ba5 Rh2 39. Bxd8 Kf7 40.
Rb7+ Kg6 41. Re7 1-0

[Event "SF Katernberg 2 - SK Münster 1"]
[Site "NRW-Klasse, Gruppe 1 2016/201"]
[Date "2016.10.23"]
[Round "2.7"]
[White "Molinaroli, Martin"]
[Black "Kueppers, Timo"]
[Result "1-0"]
[WhiteElo "2219"]
[BlackElo "2056"]
[PlyCount "55"]
[EventDate "2016.??.??"]
[WhiteTeam "SK Münster 1"]
[BlackTeam "SF Katernberg 2"]

1. b3 c5 2. Bb2 Nc6 3. e3 Nf6 4. Nf3 d6 5. c4 e5 6. Nc3 Bg4 7. h3 Bf5 8. g4 Bg6
9. Nh4 Be7 10. Nxg6 hxg6 11. Bg2 Qd7 12. g5 Nh7 13. h4 Nf8 14. Nd5 Ne6 15. Qf3
Rf8 16. O-O-O O-O-O 17. Bh3 f5 18. gxf6 Bxf6 19. Qg4 Rde8 20. Rh2 Kb8 21. Bg2
g5 22. hxg5 Bxg5 23. Be4 Qf7 24. Rh5 Bh6 25. Bg6 Qxf2 26. Bxe8 Rxe8 27. Rf5 Qh2
28. Qg6 1-0

[Event "SF Katernberg 2 - SK Münster 1"]
[Site "NRW-Klasse, Gruppe 1 2016/201"]
[Date "2016.10.23"]
[Round "2.8"]
[White "Krueger, Erich"]
[Black "Rott, Georg"]
[Result "0-1"]
[WhiteElo "2146"]
[BlackElo "2041"]
[PlyCount "56"]
[EventDate "2016.??.??"]
[WhiteTeam "SF Katernberg 2"]
[BlackTeam "SK Münster 1"]

1. d4 d5 2. c4 c6 3. Nf3 Nf6 4. Nc3 dxc4 5. a4 Bf5 6. e3 e6 7. Bxc4 Bb4 8. O-O
Nbd7 9. Nh4 Bg4 10. f3 Bh5 11. g4 Bg6 12. Nxg6 hxg6 13. e4 Qb6 14. Kg2 O-O-O
15. Qb3 a5 16. e5 Nd5 17. Bxd5 exd5 18. Ne2 Qa6 19. Qc2 Rde8 20. Nf4 Rxh2+ 21.
Kxh2 Qxf1 22. Qg2 Rh8+ 23. Nh3 Qd1 24. b3 Qxd4 25. Bb2 Bc3 26. Bxc3 Qxc3 27.
Rf1 Qxe5+ 28. Kg1 Qe3+ 0-1

[Event "Bochumer SV 1 - SVG Plettenberg 1"]
[Site "NRW-Klasse, Gruppe 1 2016/201"]
[Date "2016.10.23"]
[Round "2.1"]
[White "Haub, Thorsten Michael"]
[Black "Zaitsev, Mikhail"]
[Result "1/2-1/2"]
[WhiteElo "2400"]
[BlackElo "2463"]
[PlyCount "101"]
[EventDate "2016.??.??"]
[WhiteTeam "SVG Plettenberg 1"]
[BlackTeam "Bochumer SV 1"]

1. Nf3 d5 2. g3 Bg4 3. Bg2 Nd7 4. c4 e6 5. Qa4 c6 6. cxd5 Bxf3 7. Bxf3 exd5 8.
d3 Ngf6 9. O-O Bc5 10. Nc3 O-O 11. b4 Bd4 12. Bd2 a6 13. Rab1 Re8 14. Qc2 Ne5
15. Bg2 Qd6 16. e3 Ba7 17. Ne2 Qd7 18. Bc3 Qf5 19. Bxe5 Qxe5 20. d4 Qd6 21. a4
h5 22. b5 cxb5 23. axb5 a5 24. b6 Bxb6 25. Qb3 Ra6 26. Nc3 Re7 27. Nxd5 Nxd5
28. Qxd5 Rd7 29. Qxd6 Rxd6 30. Bxb7 Ra7 31. Be4 Kf8 32. Rfc1 Ke7 33. Bc6 Bd8
34. Rc4 Rc7 35. d5 f5 36. Kf1 Kf6 37. h3 Ra7 38. Rd1 Be7 39. Ra4 Bd8 40. Rb1
Bc7 41. Ke2 Rd8 42. Kd3 Rb8 43. Rxb8 Bxb8 44. Kd4 Bd6 45. Rc4 Re7 46. Kd3 Rc7
47. Rc2 Ke5 48. f4+ Kf6 49. Rb2 Re7 50. Rc2 g5 51. Bb5 1/2-1/2

[Event "Bochumer SV 1 - SVG Plettenberg 1"]
[Site "NRW-Klasse, Gruppe 1 2016/201"]
[Date "2016.10.23"]
[Round "2.2"]
[White "Schneider, Bernd"]
[Black "Bosch, Jeroen"]
[Result "0-1"]
[WhiteElo "2322"]
[BlackElo "2353"]
[PlyCount "94"]
[EventDate "2016.??.??"]
[WhiteTeam "Bochumer SV 1"]
[BlackTeam "SVG Plettenberg 1"]

1. c4 c6 2. Nf3 d5 3. b3 Bg4 4. e3 Nf6 5. Bb2 e6 6. h3 Bxf3 7. Qxf3 Nbd7 8.
cxd5 exd5 9. Be2 Bd6 10. O-O O-O 11. Nc3 Qe7 12. Qf5 Ba3 13. Rab1 Bxb2 14. Rxb2
a5 15. Rc1 Ne8 16. Bg4 Rd8 17. d4 Nd6 18. Qd3 f5 19. Bf3 Nf6 20. Na4 Kh8 21.
Qd2 g5 22. Be2 g4 23. hxg4 fxg4 24. Bd3 Nfe4 25. Qe1 Qh4 26. g3 Qh5 27. Bf1 Rf6
28. Bg2 Rdf8 29. Nc5 Rh6 30. Nxe4 Nxe4 31. Bxe4 dxe4 32. Kf1 Qh1+ 33. Ke2 Qf3+
34. Kd2 Qxf2+ 35. Kc3 Qxe1+ 36. Rxe1 Rf3 37. b4 axb4+ 38. Rxb4 b5 39. a4 bxa4
40. Rxa4 Rxg3 41. Ra7 Rf3 42. Rb1 Kg8 43. Rbb7 g3 44. Rg7+ Kh8 45. Rg4 Rg6 46.
Rh4 g2 47. Raxh7+ Kg8 0-1

[Event "Bochumer SV 1 - SVG Plettenberg 1"]
[Site "NRW-Klasse, Gruppe 1 2016/201"]
[Date "2016.10.23"]
[Round "2.4"]
[White "Kiese, Matthias"]
[Black "De Schampheleire, Glen"]
[Result "1/2-1/2"]
[WhiteElo "2186"]
[BlackElo "2328"]
[PlyCount "44"]
[EventDate "2016.??.??"]
[WhiteTeam "Bochumer SV 1"]
[BlackTeam "SVG Plettenberg 1"]

1. d4 Nf6 2. Nf3 e6 3. Bg5 c5 4. e3 d5 5. Nbd2 Nc6 6. c3 Be7 7. Bd3 b6 8. O-O
Bb7 9. Ne5 Nxe5 10. dxe5 Nd7 11. Bxe7 Qxe7 12. f4 f6 13. Qh5+ Qf7 14. Qxf7+
Kxf7 15. Bb5 Rad8 16. Nf3 a6 17. Bxd7 Rxd7 18. Rad1 Bc6 19. Kf2 h5 20. g3 a5
21. h3 Rdd8 22. Rg1 Ke7 1/2-1/2

[Event "Bochumer SV 1 - SVG Plettenberg 1"]
[Site "NRW-Klasse, Gruppe 1 2016/201"]
[Date "2016.10.23"]
[Round "2.5"]
[White "Schulze, Marc"]
[Black "Pewny, Uwe"]
[Result "1/2-1/2"]
[WhiteElo "2179"]
[BlackElo "2204"]
[PlyCount "149"]
[EventDate "2016.??.??"]
[WhiteTeam "SVG Plettenberg 1"]
[BlackTeam "Bochumer SV 1"]

1. d4 g6 2. Bf4 Bg7 3. Nf3 d6 4. e3 Nf6 5. h3 O-O 6. c4 b6 7. Nc3 Bb7 8. Be2
Nbd7 9. Qc2 e5 10. Bh2 exd4 11. exd4 Re8 12. O-O Ne4 13. Rfe1 Nxc3 14. bxc3 Nf8
15. a4 a5 16. Nd2 Qf6 17. Rab1 Re7 18. Bd3 Rae8 19. Rxe7 Qxe7 20. Bf4 Bc6 21.
Nf1 Qd7 22. Ra1 Qd8 23. Qc1 Qa8 24. Ne3 Ne6 25. Bg3 Bb7 26. Bf1 f5 27. Nc2 Qd8
28. Bd3 Qf6 29. f3 Kh8 30. Rb1 Bc6 31. Ra1 Ba8 32. Bf1 g5 33. Qd2 h5 34. Re1
Bh6 35. d5 Ng7 36. Rxe8+ Nxe8 37. Qe1 Ng7 38. Bf2 Qe5 39. Qd2 Bb7 40. Bd4 Qe7
41. Bd3 Bc8 42. Ne3 Kg8 43. Bxg7 Bxg7 44. Bxf5 Bxf5 45. Nxf5 Qf6 46. Nxg7 Qxg7
47. Qe3 Kh7 48. Qe4+ Kh6 49. Qd4 Qf8 50. Qe3 h4 51. Qe6+ Kg7 52. Qd7+ Kh6 53.
Qxc7 Qf4 54. Qxb6 Qc1+ 55. Kh2 Qf4+ 56. Kh1 Qc1+ 57. Qg1 Qxc3 58. c5 dxc5 59.
d6 Qd2 60. Qxc5 Qe1+ 61. Qg1 Qd2 62. d7 Qxd7 63. Qb6+ Kh5 64. Qb1 Kh6 65. Qc2
Qe8 66. Qd1 Qe5 67. Qf1 Qf4 68. Qa6+ Kh5 69. Qc6 Qe3 70. Qc7 Qe1+ 71. Kh2 Kg6
72. Qc2+ Kf6 73. Qc6+ Kf5 74. Qd7+ Kf6 75. Qd6+ 1/2-1/2

[Event "Bochumer SV 1 - SVG Plettenberg 1"]
[Site "NRW-Klasse, Gruppe 1 2016/201"]
[Date "2016.10.23"]
[Round "2.6"]
[White "Jellinghaus, Lars"]
[Black "Bouaraba, Max"]
[Result "1-0"]
[WhiteElo "2087"]
[BlackElo "2185"]
[PlyCount "89"]
[EventDate "2016.??.??"]
[WhiteTeam "Bochumer SV 1"]
[BlackTeam "SVG Plettenberg 1"]

1. d4 Nf6 2. c4 e6 3. Nc3 Bb4 4. e3 b6 5. Nf3 Bb7 6. Bd3 Ne4 7. Qc2 f5 8. O-O
Bxc3 9. bxc3 O-O 10. Nd2 Qh4 11. f3 Nxd2 12. Bxd2 d6 13. Rae1 Nd7 14. e4 f4 15.
Bc1 e5 16. Qf2 Qxf2+ 17. Kxf2 exd4 18. cxd4 c5 19. e5 cxd4 20. exd6 Nc5 21. Be4
Bxe4 22. fxe4 Nd3+ 23. Kf3 Nxe1+ 24. Rxe1 Kf7 25. e5 Ke6 26. Ke4 Rac8 27. Kxd4
f3 28. gxf3 Rxf3 29. Rg1 g6 30. h4 Rf5 31. Bg5 Rc5 32. Re1 Rf3 33. Re2 Rf1 34.
Rd2 Rc1 35. d7 Kxd7 36. Ke4+ Kc7 37. e6 R1xc4+ 38. Kf3 Rc3+ 39. Ke4 R5c4+ 40.
Ke5 Rc5+ 41. Kf6 Rf3+ 42. Kg7 Re5 43. e7 Re6 44. Rd8 h6 45. Kxh6 1-0

[Event "Bochumer SV 1 - SVG Plettenberg 1"]
[Site "NRW-Klasse, Gruppe 1 2016/201"]
[Date "2016.10.23"]
[Round "2.7"]
[White "Jansen, Dirk Norbert"]
[Black "Kraemer, Matthias"]
[Result "1-0"]
[WhiteElo "2090"]
[BlackElo "2192"]
[PlyCount "63"]
[EventDate "2016.??.??"]
[WhiteTeam "SVG Plettenberg 1"]
[BlackTeam "Bochumer SV 1"]

1. e4 e5 2. Nf3 Nc6 3. Bc4 Nf6 4. Ng5 d5 5. exd5 Na5 6. Bb5+ c6 7. dxc6 bxc6 8.
Be2 h6 9. Nf3 e4 10. Ne5 Qd4 11. f4 Bc5 12. Rf1 Qd8 13. c3 Bd6 14. d4 exd3 15.
Qxd3 Qc7 16. Nd2 O-O 17. b4 Rd8 18. Qg3 Nb7 19. Bb2 Bxe5 20. fxe5 Rxd2 21. Rxf6
Rxb2 22. Bc4 Be6 23. Rxe6 fxe6 24. O-O-O Rd8 25. Rxd8+ Qxd8 26. Bxe6+ Kh8 27.
Kxb2 Qd2+ 28. Kb3 Qd1+ 29. Ka3 Qc1+ 30. Ka4 Qc2+ 31. Bb3 Qe2 32. Ka3 1-0

[Event "Bochumer SV 1 - SVG Plettenberg 1"]
[Site "NRW-Klasse, Gruppe 1 2016/201"]
[Date "2016.10.23"]
[Round "2.8"]
[White "Goralski, Christian"]
[Black "Kuhnen, Thomas"]
[Result "1-0"]
[WhiteElo "1990"]
[BlackElo "2057"]
[PlyCount "65"]
[EventDate "2016.??.??"]
[WhiteTeam "Bochumer SV 1"]
[BlackTeam "SVG Plettenberg 1"]

1. e4 e6 2. d4 d5 3. Nd2 Nf6 4. e5 Nfd7 5. Bd3 c5 6. c3 Nc6 7. Ngf3 Be7 8. O-O
a6 9. Re1 b5 10. Nf1 Bb7 11. Ng3 cxd4 12. cxd4 Qb6 13. Bb1 h6 14. Nh5 g6 15.
Ng3 O-O-O 16. Be3 Kb8 17. a3 Rdg8 18. b4 Qd8 19. Nd2 Nb6 20. Nb3 Nc4 21. Nc5 h5
22. Qb3 h4 23. Nf1 Bxc5 24. bxc5 N6a5 25. Qa2 Bc6 26. Bc2 g5 27. a4 g4 28. axb5
axb5 29. Bd2 Nxd2 30. Nxd2 Nb7 31. Qa7+ Kc7 32. Nb3 Qb8 33. Qb6+ 1-0

[Event "Bielefelder SK 1 - Brühler SK 1"]
[Site "NRW-Klasse, Gruppe 1 2016/201"]
[Date "2016.10.23"]
[Round "2.1"]
[White "Loifenfeld, Jakov"]
[Black "Forchert, Martin"]
[Result "1-0"]
[WhiteElo "2407"]
[BlackElo "2249"]
[PlyCount "79"]
[EventDate "2016.??.??"]
[WhiteTeam "Brühler SK 1"]
[BlackTeam "Bielefelder SK 1"]

1. d4 Nf6 2. c4 g6 3. g3 Bg7 4. Bg2 d5 5. cxd5 Nxd5 6. Nf3 Nb6 7. O-O Nc6 8. e3
O-O 9. Nc3 Re8 10. Re1 e5 11. d5 Na5 12. e4 c6 13. b3 cxd5 14. exd5 e4 15. Nxe4
Nxd5 16. Bg5 f6 17. Nc5 Rxe1+ 18. Nxe1 fxg5 19. Bxd5+ Kh8 20. b4 Nc6 21. Bxc6
Qc7 22. Be4 Bxa1 23. Qxa1+ Qg7 24. Qd1 Bh3 25. Bxb7 Rf8 26. Bg2 Bxg2 27. Kxg2
Qb2 28. Nf3 g4 29. Qd4+ Qxd4 30. Nxd4 Rf6 31. Kf1 Rd6 32. Ncb3 Kg7 33. Ke2 Kf6
34. Kd3 Ke5 35. Kc4 h5 36. a4 g5 37. b5 h4 38. Nc6+ Ke4 39. Nxa7 Kf3 40. a5 1-0

[Event "Bielefelder SK 1 - Brühler SK 1"]
[Site "NRW-Klasse, Gruppe 1 2016/201"]
[Date "2016.10.23"]
[Round "2.2"]
[White "Gruen, Gerd-Peter"]
[Black "Schaefer, Juergen"]
[Result "1-0"]
[WhiteElo "2214"]
[BlackElo "2196"]
[Annotator "Hausrath,Daniel"]
[PlyCount "123"]
[EventDate "2016.??.??"]
[WhiteTeam "Bielefelder SK 1"]
[BlackTeam "Brühler SK 1"]

1. d4 g6 2. Nf3 Bg7 3. g3 d6 4. Bg2 Nd7 5. c4 e5 6. Nc3 Ne7 7. O-O O-O 8. e4
exd4 9. Nxd4 Nc6 10. Nxc6 bxc6 11. Bd2 Rb8 12. b3 Nc5 13. Qc2 Ne6 14. Rae1 Nd4
15. Qc1 Bd7 16. Bh6 Qf6 17. Bxg7 Qxg7 18. c5 Nb5 19. Nxb5 Rxb5 20. cxd6 cxd6
21. Rd1 d5 22. exd5 cxd5 23. Rxd5 Rxd5 24. Bxd5 Rc8 25. Qd2 Bf5 26. Re1 Qf6 27.
h4 Kg7 28. Qe3 a5 29. Bc4 a4 30. Qe5 a3 31. f3 Rd8 32. Qxf6+ Kxf6 33. g4 Be6
34. Bxe6 fxe6 35. Kf2 Rd2+ 36. Re2 Rb2 37. Ke3 g5 $11 38. hxg5+ Kxg5 39. Kd3
Rb1 40. Kc3 Kf4 41. Kb4 Rb2 42. Rxe6 Rxa2 43. Rf6+ Kg3 44. g5 Ra1 45. Rh6 Kxf3
46. Rxh7 a2 47. Ka3 Rg1 48. Kxa2 Rxg5 49. Re7 Rg8 50. b4 Rb8 51. Kb3 Kf4 52.
Kc4 Rc8+ 53. Kd5 Rb8 54. Kc5 Rc8+ 55. Kb6 Rb8+ 56. Rb7 Rh8 57. b5 Ke5 58. Rd7
Ke6 59. Kc7 Rh5 60. Rd6+ Ke7 61. b6 Rb5 62. Rc6 1-0

[Event "Bielefelder SK 1 - Brühler SK 1"]
[Site "NRW-Klasse, Gruppe 1 2016/201"]
[Date "2016.10.23"]
[Round "2.3"]
[White "Schiffer, Stefan"]
[Black "Kruse, Herbert"]
[Result "1-0"]
[WhiteElo "2164"]
[BlackElo "2138"]
[PlyCount "81"]
[EventDate "2016.??.??"]
[WhiteTeam "Brühler SK 1"]
[BlackTeam "Bielefelder SK 1"]

1. e4 c5 2. Nf3 d6 3. d4 cxd4 4. Nxd4 Nf6 5. Nc3 a6 6. Bg5 Nbd7 7. f4 e5 8. Nf5
Qb6 9. Qd2 Qxb2 10. Rb1 Qa3 11. Be2 g6 12. Ne3 Qc5 13. Nc4 b5 14. fxe5 dxe5 15.
Be3 Qc7 16. O-O Bb7 17. Bg5 Nxe4 18. Nxe4 Bxe4 19. Ne3 Bc5 20. Kh1 Qc6 21. Bg4
f5 22. Nxf5 Bxf5 23. Rxf5 gxf5 24. Bh5+ Kf8 25. Rf1 Kg8 26. Qd3 Kg7 27. Bf3 Qe6
28. Bd5 Qd6 29. Qxf5 Rhf8 30. Bf7 Kh8 31. Qxd7 Rad8 32. Qf5 Rxf7 33. Qxf7 Rf8
34. Bf6+ Qxf6 35. Rxf6 Rxf7 36. Rxf7 e4 37. Rf5 Ba7 38. g4 e3 39. Kg2 Kg7 40.
Kf3 Kg6 41. h3 1-0

[Event "Bielefelder SK 1 - Brühler SK 1"]
[Site "NRW-Klasse, Gruppe 1 2016/201"]
[Date "2016.10.23"]
[Round "2.4"]
[White "Simon, Hans Christian"]
[Black "Haskelman, Evgen"]
[Result "1/2-1/2"]
[WhiteElo "2151"]
[BlackElo "2170"]
[PlyCount "39"]
[EventDate "2016.??.??"]
[WhiteTeam "Bielefelder SK 1"]
[BlackTeam "Brühler SK 1"]

1. Nf3 e6 2. g3 f5 3. Bg2 Nf6 4. O-O d5 5. c4 c6 6. d3 Bd6 7. Nc3 Bc7 8. cxd5
exd5 9. e4 dxe4 10. dxe4 Qxd1 11. Rxd1 fxe4 12. Ng5 Bg4 13. Re1 O-O 14. h3 h6
15. Ngxe4 Nxe4 16. Nxe4 Bf5 17. Nc5 Nd7 18. Nxd7 Bxd7 19. Be3 a6 20. Rad1
1/2-1/2

[Event "Bielefelder SK 1 - Brühler SK 1"]
[Site "NRW-Klasse, Gruppe 1 2016/201"]
[Date "2016.10.23"]
[Round "2.5"]
[White "Peters, Alex"]
[Black "Goeßling, Guido"]
[Result "0-1"]
[WhiteElo "2207"]
[BlackElo "2075"]
[PlyCount "78"]
[EventDate "2016.??.??"]
[WhiteTeam "Brühler SK 1"]
[BlackTeam "Bielefelder SK 1"]

1. Nf3 d5 2. b3 Bg4 3. Bb2 Nf6 4. e3 Nbd7 5. Be2 e6 6. h3 Bh5 7. Ne5 Bxe2 8.
Qxe2 Nxe5 9. Bxe5 Bd6 10. Bxd6 Qxd6 11. Qb5+ Ke7 12. d3 Rhe8 13. Nd2 Kf8 14.
O-O a6 15. Qa4 Kg8 16. Rfe1 Rad8 17. a3 e5 18. Rad1 h6 19. b4 Qb6 20. c4 dxc4
21. Nxc4 Qb5 22. Qc2 c5 23. a4 Qc6 24. Na5 Qd7 25. bxc5 Qc7 26. Nb3 Qc6 27. Qc4
Rd5 28. d4 exd4 29. exd4 Rxe1+ 30. Rxe1 Rg5 31. g3 Qf3 32. Nd2 Qf5 33. Re5 Qxh3
34. Rxg5 hxg5 35. d5 Qf5 36. Qd4 Qxd5 37. Qb4 Nd7 38. Nb3 g6 39. a5 Ne5 0-1

[Event "Bielefelder SK 1 - Brühler SK 1"]
[Site "NRW-Klasse, Gruppe 1 2016/201"]
[Date "2016.10.23"]
[Round "2.6"]
[White "Forchert, Niko"]
[Black "Spilles, Matthias"]
[Result "1/2-1/2"]
[WhiteElo "2058"]
[BlackElo "2174"]
[PlyCount "135"]
[EventDate "2016.??.??"]
[WhiteTeam "Bielefelder SK 1"]
[BlackTeam "Brühler SK 1"]

1. d4 Nf6 2. Nf3 e6 3. Bg5 h6 4. Bxf6 Qxf6 5. e4 d6 6. Nc3 Nd7 7. Qd2 a6 8. Bd3
g5 9. h3 b5 10. e5 Qf4 11. Qxf4 gxf4 12. exd6 Bxd6 13. Be4 Rb8 14. O-O-O Rg8
15. Rhg1 f5 16. Bd3 b4 17. Nb1 Kf7 18. d5 Nc5 19. dxe6+ Bxe6 20. Nd4 Nxd3+ 21.
Rxd3 Bc8 22. Nd2 Kf6 23. N2f3 Bb7 24. Nh4 Be4 25. Rdd1 Rbd8 26. Ndf3 Bc5 27.
Rxd8 Rxd8 28. Rf1 Bc6 29. Ne1 Bb5 30. Nd3 Bb6 31. Nf3 a5 32. Nfe1 c5 33. b3 c4
34. bxc4 Bxc4 35. Kb1 Re8 36. g3 Re2 37. Nxf4 Rxf2 38. Rxf2 Bxf2 39. Ned3 Bxd3
40. cxd3 Ke5 41. Ne2 Kd5 42. Kc2 a4 43. Kd2 Bd4 44. Nf4+ Kd6 45. Ne2 Kc5 46. g4
fxg4 47. hxg4 Be5 48. Ke3 Bb2 49. Kd2 Kd5 50. Ng3 Ke5 51. Ne2 Kf6 52. d4 Kg5
53. Kc2 Ba1 54. Kb1 Bxd4 55. Nxd4 Kxg4 56. Nc2 b3 57. axb3 axb3 58. Ne3+ Kf4
59. Nd5+ Ke5 60. Ne7 h5 61. Kb2 Kf6 62. Nd5+ Kg5 63. Kxb3 h4 64. Ne3 h3 65. Nf1
Kf4 66. Kc3 Kf3 67. Kd2 Kf2 68. Nh2 1/2-1/2

[Event "Bielefelder SK 1 - Brühler SK 1"]
[Site "NRW-Klasse, Gruppe 1 2016/201"]
[Date "2016.10.23"]
[Round "2.7"]
[White "Gramb, Marius"]
[Black "Klatt, Jan"]
[Result "1/2-1/2"]
[WhiteElo "2059"]
[BlackElo "2059"]
[PlyCount "108"]
[EventDate "2016.??.??"]
[WhiteTeam "Brühler SK 1"]
[BlackTeam "Bielefelder SK 1"]

1. d4 g6 2. c4 Bg7 3. Nc3 d6 4. e4 Nc6 5. Be3 e5 6. d5 Nce7 7. Bd3 f5 8. f3 Nf6
9. Nge2 O-O 10. Qd2 c5 11. Bh6 a6 12. Bxg7 Kxg7 13. exf5 Nxf5 14. a4 Nd4 15.
Ra3 Bd7 16. O-O Qe7 17. a5 Rab8 18. Nxd4 cxd4 19. Ne4 Nxe4 20. Bxe4 b5 21. axb6
Rxb6 22. b4 Rfb8 23. Rb1 Bc8 24. f4 Qh4 25. Rf3 Bg4 26. Rfb3 Bd7 27. g3 Qf6 28.
fxe5 Qxe5 29. Re1 Re8 30. Rbb1 Qf6 31. Rf1 Qe5 32. Rbe1 d3 33. Bxd3 Qd4+ 34.
Qf2 Qxf2+ 35. Kxf2 Rxb4 36. Rxe8 Bxe8 37. Ra1 Ra4 38. Rb1 Kf6 39. Rb8 Bd7 40.
Rd8 Ke7 41. Ra8 Ra2+ 42. Ke3 Rxh2 43. Rxa6 Rg2 44. Kf3 Rd2 45. Bf1 Rd1 46. Be2
Rc1 47. Ra7 Rc3+ 48. Kf2 Kd8 49. Ra1 h5 50. Ra8+ Kc7 51. Ra7+ Kc8 52. Ra6 Kc7
53. Ra7+ Kd8 54. Ra6 Ke7 1/2-1/2

[Event "Bielefelder SK 1 - Brühler SK 1"]
[Site "NRW-Klasse, Gruppe 1 2016/201"]
[Date "2016.10.23"]
[Round "2.8"]
[White "Roemhild, Marcus"]
[Black "Engel, Johann"]
[Result "1-0"]
[WhiteElo "2010"]
[BlackElo "1863"]
[PlyCount "59"]
[EventDate "2016.??.??"]
[WhiteTeam "Bielefelder SK 1"]
[BlackTeam "Brühler SK 1"]

1. c4 Nf6 2. g3 g6 3. Bg2 Bg7 4. Nc3 O-O 5. e4 d6 6. Nge2 e5 7. O-O c5 8. d3
Nc6 9. Bg5 h6 10. Bxf6 Bxf6 11. Nd5 Bg7 12. Rb1 a5 13. a3 a4 14. Nec3 Qa5 15.
Nb5 Rd8 16. f4 Nd4 17. Nxd4 exd4 18. f5 Be5 19. Bh3 Kg7 20. Rf2 Bd7 21. Qf3 g5
22. Qh5 Kf8 23. Qxh6+ Ke8 24. Qxg5 Kf8 25. Qh6+ Ke8 26. Qh7 Bc8 27. Qg8+ Kd7
28. Qxf7+ Kc6 29. b4 cxb4 30. axb4 1-0

[Event "SF Neuenkirchen 1 - Ratinger SK 1"]
[Site "NRW-Klasse, Gruppe 1 2016/201"]
[Date "2016.10.23"]
[Round "2.1"]
[White "Preuschoff, Michael"]
[Black "Wilde, Pierre"]
[Result "0-1"]
[WhiteElo "2159"]
[BlackElo "2228"]
[PlyCount "72"]
[EventDate "2016.??.??"]
[WhiteTeam "Ratinger SK 1"]
[BlackTeam "SF Neuenkirchen 1"]

1. d4 Nf6 2. c4 e6 3. Nf3 b6 4. e3 Bb7 5. Bd3 d5 6. b3 Be7 7. O-O Nbd7 8. a4 a5
9. Nc3 O-O 10. Bb2 Ne4 11. Qc2 f5 12. Ne2 Bd6 13. Nf4 Qe7 14. Ne5 Nxe5 15. dxe5
Bc5 16. Kh1 g6 17. cxd5 exd5 18. Rad1 Rad8 19. Ba1 Ng5 20. e6 Nxe6 21. Qb2 Kf7
22. Nxe6 Kxe6 23. Bb5 c6 24. Be2 Kd7 25. e4 fxe4 26. Bg4+ Kc7 27. f4 d4 28. f5
Qg5 29. Bh3 gxf5 30. b4 axb4 31. a5 bxa5 32. Rc1 Bb6 33. Qa2 Rd6 34. Rce1 e3
35. Qc4 f4 36. Rd1 Qb5 0-1